Регионална библиотека "Любен Каравелов" - Русе

Над Пирина пламеней (Запис номер 398705)

MARC детайли
000 -Лидер
Контролно поле с фиксирана дължина nkm a22 a 4500
003 - Код на организацията, давaща контролен номер
Контролно поле BLK
005 - Дата и час на последна редакция
Контролно поле 20210216152940.0
008 - Елементи от данни с фиксирана дължина
fixed length control field 210216b bu ||||| |||| 00| 0 bu d
040 ## - Източник на каталожния запис
Идентификатор на билиотеката - собственик на записа BLK
041 ## - Код за език
Код за езика на текст/звукозапис или на отделно заглавие Български
Код за езика КДБФ Български
080 ## - УДК
Текстов определител УДК Краезнание
УДК код - определител по УДК 908
УДК определител (234.423.2-0(084)
УДК - код + определител 908(234.423.2-0(084)
080 ## - УДК
Текстов определител УДК Българска литература
УДК код - определител по УДК 821.163.2
УДК определител -8
УДК - код + определител 821.163.2
139 ## - Редно поле
Редна дума Над Пирина пламеней
245 ## - Сведения за заглавието
Заглавие Над Пирина пламеней
Подзаглавни данни [Изобразителен материал] : [албум]
Редно поле (дума) авт. на есета, импресии и миниатюри Евтим Евтимов ... [и др.] ; състав. Недялка Цонева, Венцислав Зашев ; отг. ред. Йордан Топалов ; снимки Торос Хорисян ... [и др.]
257 ## - Страна на издаване
Страна на създаване/издаване България
260 ## - Област на издателските данни
Място на издаване, разпространение и проч. София
Име на издателя, разпространителя и проч. София-прес
Година на издаване 1987
9 (RLIN) 210942
300 ## - Физическа характеристика
Страници 216 с. : с ил. ; 28 см
380 ## - Жанр
Жанр История
500 ## - Общи забележки
Забележка Други авт. : С. Северняк, Вл. Голев, П. Караангов, В. Копралев, отбелязани в библиогр. каре <br/>Други фотогр. : Н. Акрабов, Л. Цанков, З. Ахтаподов, Ив. Донов, В. Митев, Т. Бекяров, К. Савова, С. Сталев, К. Пендев, Д. Ерменков, П. Радев, Ю. Попниколов, Д. Николов, О. Антонов, М. Енев, Цв. Цанов <br/>Офс. изд <br/>8 082 тир.
651 #7 - Допълнително описание по предмет - топоним
9 (RLIN) 179368
Географско понятие Пирин
653 #0 - Ключова дума – ненормативна
Ключова дума снимкови албуми
9 (RLIN) 401783
653 #7 - Ключова дума – ненормативна
Ключова дума пейзажи
9 (RLIN) 193499
653 #7 - Ключова дума – ненормативна
Ключова дума бит
9 (RLIN) 182075
653 #7 - Ключова дума – ненормативна
Ключова дума туризъм
9 (RLIN) 198777
653 #7 - Ключова дума – ненормативна
Ключова дума култура
9 (RLIN) 189538
852 ## - Местоположение
Форматна сигнатура Цб II 26865
Фондова буква Хранилище
999 ## - СИСТЕМНИ КОНТРОЛНИ НОМЕРА
Koha biblionumber 398705
Koha biblioitemnumber 398705
942 ## - АРТИКУЛИ
Вид на библиотечния материал Графични издания
Скрит в OPAC Не
Периодичен библиозапис Да
944 ## - СЪЗДАВАНЕ И РЕДАКЦИЯ на ЗАПИСА
Създаване/Редакция Създаване
Дата на регистрацията/редакция 2021-02-15
Наличности
Код за отписване Код за изгубен артикул Източник на класификационната схема Код за повреда Коз за рестрикции Код за отдаване Артикулен № Име на библиотеката - собственик Име на библиотеката, в която се намира в момента Статус (Текущо местоположение) Дата на вписване в системата Местоположение - отдел Цена в лева Инвентарен номер Систематично азбучна сигнатура Баркод Цена в евро Служебен тип на артикула
  Не е изгубен Universal Decimal Classification Не е повреден само за читалня ползва се в читалня 812673 Регионална библиотека "Любен Каравелов" Русе Регионална библиотека "Любен Каравелов" Русе Хранилище 2021-02-17 Хранилище 0.00 478964 Цб II 26865 120000478964 0.00 Графични издания
Vip Innovations Ltd, Rousse, Bulgaria 2025